000 00553nam a2200193Ia 4500
003 GCL
008 140319s9999 xx 000 0 ara d
040 _aGCL /
_cGCL
082 0 4 _a620
_bع ا
100 1 _aعبدالحميد جمعة
245 1 0 _aاساسيات الرسم الهندسى /
_cعبدالحميد جمعة
700 1 _aعباس بيومى مصطفى
300 _a270 ص
490 _aكتاب
_v0
650 0 4 _aالهندسة
650 0 4 _aالهندسة المدنية
650 0 4 _aالرسم الهندسى
942 _2ddc
_cBK
999 _c41888
_d41888